Statistics for Countries with the Least Air Pollution

Click here to take the quiz!

General Stats

  • This quiz has been taken 16,612 times
    (9,062 since last reset)
  • The average score is 14 of 21

Answer Stats

μg/m3 Population Country % Correct
6.210 milSweden
92%
7.05.4 milNorway
92%
5.95.6 milFinland
90%
6.437 milCanada
89%
6.5< 1 milIceland
87%
105.8 milDenmark
86%
8.625 milAustralia
84%
6.04.8 milNew Zealand
83%
10.567 milUnited Kingdom
82%
7.4329 milUnited States
82%
8.24.8 milIreland
75%
9.746 milSpain
68%
10.38.6 milSwitzerland
68%
8.210.3 milPortugal
65%
6.71.3 milEstonia
59%
10.4< 1 milLuxembourg
56%
10.3< 1 milAndorra
54%
7.8< 1 milMaldives
31%
10.2< 1 milMarshall Islands
23%
5.9< 1 milBrunei
20%
9.33.5 milUruguay
17%

Score Distribution

Percentile by Number Answered

Percent of People with Each Score

Your Score History

You have not taken this quiz since the last reset